[Сто] 100 години българска академична книга 1868-1968 (Запис номер 185228)
[ съкратено ]
| 000 -Лидер | |
|---|---|
| Контролно поле с фиксирана дължина | nam a22 a 4500 |
| 003 - Код на организацията, давaща контролен номер | |
| Контролно поле | BLK |
| 005 - Дата и час на последна редакция | |
| Контролно поле | 20220624110136.0 |
| 008 - Елементи от данни с фиксирана дължина | |
| fixed length control field | 180411b bul|||||r ||||||| ||bul|| |
| 010 ## - Наследен системен номер | |
| LC control number | KNG00194221000 |
| 040 ## - Източник на каталожния запис | |
| Идентификатор на билиотеката - собственик на записа | BLK |
| 041 ## - Код за език | |
| Код за езика на текст/звукозапис или на отделно заглавие | Български |
| Код за езика КДБФ | Български |
| 072 #7 - Код за тематичната категория | |
| Код организация | bullib |
| Код за тематична категория | А |
| Текст | Фонд Михаил Арнаудов |
| 080 ## - УДК | |
| Текстов определител УДК | Библиографии на произведенията на отделни групи автори |
| УДК код - определител по УДК | 013 |
| УДК определител | :061.12(497.2) |
| УДК - код + определител | 013:061.12(497.2) |
| 139 ## - Редно поле | |
| Редна дума | [Сто] 100 години българска академична книга 1868-1968 |
| Авторски знак | Сто - С 77 |
| 245 10 - Сведения за заглавието | |
| Заглавие | [Сто] 100 години българска академична книга 1868-1968 |
| Подзаглавни данни | Каталог на изданията и списанията на БАН и на АСН в българия |
| Редно поле (дума) | състав. Иван Мишайков; състав. Йордан Христов; ред. Кирил Манов. |
| 257 ## - Страна на издаване | |
| Страна на създаване/издаване | България |
| 260 ## - Област на издателските данни | |
| Място на издаване, разпространение и проч. | София |
| Име на издателя, разпространителя и проч. | БАН |
| Година на издаване | 1969 |
| 300 ## - Физическа характеристика | |
| Страници | 292 с. |
| Размери/Мащаб | 21 см |
| 380 ## - Жанр | |
| Жанр | Общ отдел |
| 490 ## - СЕРИИ (Колекции) | |
| 9 (RLIN) | 396381 |
| Име на серия | Частна колекция - Академик Михаил Арнаудов |
| Бележки за серията | Дарение - Основен фонд |
| 500 ## - Общи забележки | |
| Забележка | Фонд Михаил Арнаудов - екз. с твърда подв. (инв. № 588438) |
| 650 #4 - Допълнително описание по предмет – тема | |
| Основно описание – тема или топоним | Българска академия на науките |
| 9 (RLIN) | 269303 |
| 650 #4 - Допълнително описание по предмет – тема | |
| Основно описание – тема или топоним | Селскостопанска академия - България |
| 9 (RLIN) | 265004 |
| 653 ## - Ключова дума – ненормативна | |
| Ключова дума | научни трудове |
| 653 ## - Ключова дума – ненормативна | |
| Ключова дума | издателско дело |
| 659 ## - Тематичен бюлетин | |
| Тематичен бюлетин | А |
| 700 1# - Други автори (авторска отговорност) | |
| Лично име | Мишайков, Иван |
| Автороска отговорност (Описва отношението между автора и произведението) | състав. |
| 9 (RLIN) | 98254 |
| 700 1# - Други автори (авторска отговорност) | |
| Лично име | Христов, Йордан |
| Автороска отговорност (Описва отношението между автора и произведението) | състав. |
| 9 (RLIN) | 383472 |
| 700 1# - Други автори (авторска отговорност) | |
| Лично име | Манов, Кирил |
| Автороска отговорност (Описва отношението между автора и произведението) | ред. |
| 9 (RLIN) | 343752 |
| 852 ## - Местоположение | |
| Форматна сигнатура | Цб 51958 |
| 852 ## - Местоположение | |
| Форматна сигнатура | МА 983 |
| 856 4# - Електронен адрес и достъп | |
| Електронен формат | pdf - файл |
| 856 4# - Електронен адрес и достъп | |
| Електронен формат | pdf - файл |
| 999 ## - СИСТЕМНИ КОНТРОЛНИ НОМЕРА | |
| Koha biblionumber | 185228 |
| Koha biblioitemnumber | 185228 |
| 942 ## - АРТИКУЛИ | |
| Вид на библиотечния материал | Книги |
| Скрит в OPAC | Не |
| Периодичен библиозапис | Да |
| 944 ## - СЪЗДАВАНЕ И РЕДАКЦИЯ на ЗАПИСА | |
| Създаване/Редакция | Създаване |
| Дата на регистрацията/редакция | 21.10.2016 |
| Служител, извършил регистрацията/редакцията | Геновева_Генчева |
| 944 ## - СЪЗДАВАНЕ И РЕДАКЦИЯ на ЗАПИСА | |
| Създаване/Редакция | Редакция |
| Дата на регистрацията/редакция | 2022-06-24 |
| Служител, извършил регистрацията/редакцията | ир |
| 999 ## - СИСТЕМНИ КОНТРОЛНИ НОМЕРА | |
| Koha biblioitemnumber | 185228 |
| 999 ## - СИСТЕМНИ КОНТРОЛНИ НОМЕРА | |
| Koha biblioitemnumber | 185228 |
| Код за отписване | Код за изгубен артикул | Източник на класификационната схема | Код за повреда | Коз за рестрикции | Код за отдаване | Артикулен № | Име на библиотеката - собственик | Име на библиотеката, в която се намира в момента | Статус (Текущо местоположение) | Дата на вписване в системата | Местоположение - отдел | Цена в лева | Инвентарен номер | Систематично азбучна сигнатура | Баркод | Номер на екземпляра | Цена в евро | Служебна бележка | Служебен тип на артикула |
|---|---|---|---|---|---|---|---|---|---|---|---|---|---|---|---|---|---|---|---|
| Не е изгубен | Universal Decimal Classification | Не е повреден | само за читалня | ползва се в читалня | 320722 | Регионална библиотека "Любен Каравелов" Русе | Регионална библиотека "Любен Каравелов" Русе | Хранилище | 1969-01-01 | Хранилище | 0.60 | 64375 | Цб 51958 | 120000064375 | 1 | 0.31 | Дост: Dp Вид: Д N: стар фонд Дата: 01.01.1969 | Книги | |
| Не е изгубен | Universal Decimal Classification | Не е повреден | само за читалня | Специални фондове ( старопечатни, редки и ценни, фонд М. Арнаудов) | 320723 | Регионална библиотека "Любен Каравелов" Русе | Регионална библиотека "Любен Каравелов" Русе | Фонд "Михаил Арнаудов" | 1973-01-01 | Фонд "Михаил Арнаудов" | 90.00 | 588438 | МА 983 | 120000588438 | 2 | 46.02 | Дост: DA Вид: А N: стар фонд Дата: 01.01.1973 | Книги | |
| Не е изгубен | Universal Decimal Classification | Не е повреден | само за читалня | Специални фондове ( старопечатни, редки и ценни, фонд М. Арнаудов) | 320724 | Регионална библиотека "Любен Каравелов" Русе | Регионална библиотека "Любен Каравелов" Русе | Фонд "Михаил Арнаудов" | 1973-01-01 | Фонд "Михаил Арнаудов" | 80.00 | 588439 | МА 983 | 120000588439 | 3 | 40.90 | Дост: DA Вид: А N: стар фонд Дата: 01.01.1973 | Книги |